| 000 | 01098nam a22003377a 4500 | ||
|---|---|---|---|
| 003 | CHAP | ||
| 005 | 20220329143523.0 | ||
| 008 | 100329s1984 mx r 00010 spa d | ||
| 010 | _a97919 | ||
| 011 | _a98891 | ||
| 020 | _a9686052941 | ||
| 035 | _a109576 | ||
| 040 | _cCHAP | ||
| 082 | 0 | 4 |
_a808.0427 _bV54 |
| 100 | 1 |
_aVelázquez Rivera, Luis. _9118617 |
|
| 245 | 1 | 3 |
_aUn infierno llamado Veracruz _c/por Lis Velázquez Rivera |
| 260 |
_aMéxico : _bOasis, _cc1984 |
||
| 300 |
_a236 p. : _bilus. |
||
| 490 | 0 |
_aColección las formas de la voz _v; 2 |
|
| 590 |
_aBATCH-UPD _b10 _c20130110 _lUCH01 _h1438 |
||
| 590 |
_aBATCH-UPD _b10 _c20130410 _lUCH01 _h0911 |
||
| 590 |
_aBATCH-UPD _b10 _c20130914 _lUCH01 _h1005 |
||
| 590 |
_aCONVERSION _b10 _c20130109 _lUCH01 _h1354 |
||
| 650 | 1 | 4 |
_aIndios de México _xCondiciones sociales. _957626 |
| 650 | 1 | 4 |
_aLecturas y narraciones. _965519 |
| 650 | 1 | 4 |
_aLiteratura mexicana. _967138 |
| 830 | 0 |
_aColección las formas de la voz _v; 2 _924897 |
|
| 901 | _aBK | ||
| 942 | _cLIBRO | ||
| 949 |
_a808.0427 V54 _bBC _cLIBRO _d33724002162842 _eLIBRO _h112049 _i109576 _sb |
||
| 999 |
_c97919 _d97919 |
||